Disposal of neutralent wastes (Record no. 57069)
[ view plain ]
| 000 -LEADER | |
|---|---|
| fixed length control field | 01747nam a22003254a 4500 |
| 245 10 - TITLE STATEMENT | |
| Title | Disposal of neutralent wastes |
| 260 ## - PUBLICATION, DISTRIBUTION, ETC. (IMPRINT) | |
| Place of publication | Washington, D.C. : |
| Name of publisher | National Academy Press, |
| Year of publication | c2001. |
| 300 ## - PHYSICAL DESCRIPTION | |
| Number of Pages | xiii, 64 p. : |
| Other physical details | ill. |
| 490 1# - SERIES STATEMENT | |
| Series statement | Compass series |
| 500 ## - GENERAL NOTE | |
| General note | At head of title: Review of the Army non-stockpile chemical materiel disposal program. |
| General note | "This is a report of work supported by Contract DAAG55-98-C-0046 between the U.S. Army and the National Academy of Sciences."--T.p. verso. |
| 650 #0 - SUBJECT ADDED ENTRY--TOPICAL TERM | |
| Topical Term | Chemical weapons disposal |
| 856 40 - ELECTRONIC LOCATION AND ACCESS | |
| Uniform Resource Identifier | http://site.ebrary.com/lib/rucke/Doc?id=10038749 |
No items available.
